Statistics for Must Know Geography Knowledge #6

Click here to take the quiz!

General Stats

  • This quiz has been taken 33 times
  • The average score is 7 of 10

Answer Stats

QuestionAnswer% Correct
Main language spoken in AustriaGerman
97%
Capital of VietnamHanoi
97%
Former country containing much of the BalkansYugoslavia
90%
Spanish island chain west of Western SaharaCanary Islands
83%
Any country containing purple in their flagNicaragua | Dominica
80%
Largest country in Central America (Excluding Mexico)Nicaragua
77%
Nation which has land in all four hemispheresKiribati
47%
Any Spanish settlement on the Continent of AfricaMelilla | Ceuta
37%
Country which has changed flags mostAfghanistan
33%
Largest city in the Arctic CircleMurmansk
20%

Score Distribution

Percentile by Number Answered

Percent of People with Each Score

Your Score History

You have not taken this quiz